[Event "24th Bosnjaci Open 2019"]
[Site "Bosnjaci"]
[Date "2019.01.04"]
[Round "3.10"]
[White "Klasan, Vladimir"]
[Black "Egerc, Josip"]
[Result "1-0"]
[WhiteElo "2364"]
[BlackElo "2081"]
[Annotator "ChessBase"]
[PlyCount "109"]
[EventDate "2019.01.03"]
[EventType "swiss"]
[EventCountry "CRO"]
[SourceTitle "playchess.com"]
[Source "ChessBase"]
[SourceQuality "1"]
[TimeControl "5400+30"]

1. e4 {[%emt 0:00:30]} e6 {[%emt 0:01:30]} 2. d4 {[%emt 0:00:00]} d5 {[%emt 0:00:30]} 3. Nc3 {[%emt 0:00:00]} Nf6 {[%emt 0:01:30]} 4. e5 {[%emt 0:00:30]} Nfd7 {[%emt 0:00:30]} 5. f4 {[%emt 0:00:30]} c5 {[%emt 0:00:30]} 6. Nf3 {[%emt 0:00:00]} Nc6 {[%emt 0:00:00]} 7. Be3 {[%emt 0:00:00]} Qb6 {[%emt 0:04:00]} 8. Na4 {[%emt 0:01:30]} Qa5+ {[%emt 0:00:30]} 9. c3 {[%emt 0:00:30]} c4 {[%emt 0:00:30]} 10. b4 {[%emt 0:04:30]} Nxb4 {[%emt 0:12:30]} 11. cxb4 {[%emt 0:03:30]} Bxb4+ {[%emt 0:03:30]} 12. Kf2 {[%emt 0:00:30]} b5 {[%emt 0:00:30]} 13. Nc5 {[%emt 0:04:30]} Nxc5 {[%emt 0:20:30]} 14. dxc5 {[%emt 0:00:30]} Bd7 {[%emt 0:00:30]} 15. h4 {[%emt 0:19:30]} Qc7 {[%emt 0:03:30]} 16. h5 {[%emt 0:06:30]} Bxc5 {[%emt 0:03:30]} 17. h6 {[%emt 0:01:30]} g6 {[%emt 0:01:30]} 18. Bxc5 {[%emt 0:04:30]} Qxc5+ {[%emt 0:03:30]} 19. Qd4 {[%emt 0:00:30]} Qa3 {[%emt 0:00:30]} 20. Be2 {[%emt 0:04:30]} O-O {[%emt 0:01:30]} 21. Nh2 {[%emt 0:01:30]} Qe7 {[%emt 0:02:30]} 22. Ng4 {[%emt 0:01:30]} Bc6 {[%emt 0:00:30]} 23. Nf6+ {[%emt 0:02:30]} Kh8 {[%emt 0:00:30]} 24. a3 {[%emt 0:07:30]} Rfb8 {[%emt 0:00:30]} 25. Rhb1 {[%emt 0:06:30]} a5 {[%emt 0:01:30]} 26. Kg3 {[%emt 0:05:30]} Qa7 {[%emt 0:05:30]} 27. Qxa7 {[%emt 0:01:30]} Rxa7 {[%emt 0:00:30]} 28. Kf2 {[%emt 0:00:30]} Rd8 {[%emt 0:04:30]} 29. Bf3 {[%emt 0:07:40]} Ra6 {[%emt 0:01:30]} 30. Rb2 {[%emt 0:02:56]} Rb6 {[%emt 0:05:30]} 31. Rd2 {[%emt 0:03:12]} b4 {[%emt 0:02:05]} 32. axb4 {[%emt 0:00:08]} axb4 {[%emt 0:00:08]} 33. Rc1 {[%emt 0:06:01]} c3 {[%emt 0:01:38]} 34. Rd4 {[%emt 0:01:20]} Ra8 {[%emt 0:02:09]} 35. Bd1 {[%emt 0:01:08]} Ra2+ {[%emt 0:02:44]} 36. Ke3 {[%emt 0:00:34]} Rxg2 {[%emt 0:06:06]} 37. Rb1 {[%emt 0:00:05]} Rb2 {[%emt 0:02:07]} 38. Rxb2 {[%emt 0:00:30]} cxb2 {[%emt 0:00:01]} 39. Bc2 {[%emt 0:00:17]} Ba4 {[%emt 0:00:20]} 40. Bb1 {[%emt 0:02:35]} Bb3 {[%emt 0:00:14]} 41. Ne4 {[%emt 0:01:20]} Bc4 {[%emt 0:01:11]} 42. Nd6 {[%emt 0:00:20]} Bf1 {[%emt 0:01:46]} 43. Rd2 {[%emt 0:01:00]} Kg8 {[%emt 0:00:40]} 44. Rc2 {[%emt 0:00:30]} Bc4 {[%emt 0:02:42]} 45. Nxc4 {[%emt 0:01:11]} dxc4 {[%emt 0:00:01]} 46. Rxc4 {[%emt 0:00:10]} Rb8 {[%emt 0:00:00]} 47. Rc2 {[%emt 0:00:06]} Kf8 {[%emt 0:00:02]} 48. Rxb2 {[%emt 0:00:11]} Ke7 {[%emt 0:00:02]} 49. Ra2 {[%emt 0:00:51]} Rb7 {[%emt 0:01:08]} 50. Be4 {[%emt 0:00:21]} Rc7 {[%emt 0:00:05]} 51. Rb2 {[%emt 0:00:28]} Rc3+ {[%emt 0:00:24]} 52. Bd3 {[%emt 0:00:27]} Rc1 {[%emt 0:04:07]} 53. Rb1 {[%emt 0:00:35]} Rxb1 {[%emt 0:00:07]} 54. Bxb1 {[%emt 0:00:01]} f6 {[%emt 0:00:20]} 55. Bxg6 {[%emt 0:00:27]} 1-0

[Event "24th Bosnjaci Open 2019"]
[Site "Bosnjaci"]
[Date "2019.01.04"]
[Round "3.11"]
[White "Dabic, Stjepan"]
[Black "Zovko, Mario"]
[Result "1/2-1/2"]
[WhiteElo "2077"]
[BlackElo "2318"]
[Annotator "NA"]
[PlyCount "30"]
[EventDate "2019.01.03"]
[EventType "swiss"]
[EventCountry "CRO"]
[SourceTitle "playchess.com"]
[Source "ChessBase"]
[SourceQuality "1"]
[TimeControl "5400+30"]

1. d4 {[%emt 0:00:30]} d5 {[%emt 0:00:30]} 2. c4 {[%emt 0:00:00]} c5 {[%emt 0:01:30]} 3. Nc3 {[%emt 0:01:00]} e6 {[%emt 0:00:30]} 4. cxd5 {[%emt 0:00:30]} exd5 {[%emt 0:00:00]} 5. Nf3 {[%emt 0:00:30]} Nc6 {[%emt 0:00:00]} 6. g3 {[%emt 0:00:00]} Nf6 {[%emt 0:00:30]} 7. Bg2 {[%emt 0:00:00]} Be7 {[%emt 0:00:00]} 8. O-O {[%emt 0:00:30]} O-O {[%emt 0:00:00]} 9. dxc5 {[%emt 0:00:30]} Bxc5 {[%emt 0:00:00]} 10. a3 {[%emt 0:00:00]} Ne4 {[%emt 0:01:00]} 11. Qc2 {[%emt 0:01:00]} Nxc3 {[%emt 0:09:30]} 12. Qxc3 {[%emt 0:00:00]} Bb6 {[%emt 0:01:30]} 13. b4 {[%emt 0:00:00]} Bg4 {[%emt 0:00:00]} 14. Bb2 {[%emt 0:00:30]} d4 {[%emt 0:00:00]} 15. Qd3 {[%emt 0:05:30]} Qf6 {[%emt 0:01:30]} 1/2-1/2

[Event "24th Bosnjaci Open 2019"]
[Site "Bosnjaci"]
[Date "2019.01.04"]
[Round "3.12"]
[White "Muha, Miljenko"]
[Black "Mutapcic, Ilija"]
[Result "1-0"]
[WhiteElo "2310"]
[BlackElo "1836"]
[Annotator "NA"]
[PlyCount "76"]
[EventDate "2019.01.03"]
[EventType "swiss"]
[EventCountry "CRO"]
[SourceTitle "playchess.com"]
[Source "ChessBase"]
[SourceQuality "1"]
[TimeControl "5400+30"]

1. d4 {[%emt 0:00:30]} d5 {[%emt 0:00:30]} 2. Bf4 {[%emt 0:00:30]} Nf6 {[%emt 0:00:00]} 3. e3 {[%emt 0:00:00]} e6 {[%emt 0:01:00]} 4. Nd2 {[%emt 0:01:00]} Bd6 {[%emt 0:00:30]} 5. Bg3 {[%emt 0:00:30]} O-O {[%emt 0:00:30]} 6. Bd3 {[%emt 0:01:30]} c5 {[%emt 0:00:30]} 7. c3 {[%emt 0:02:30]} cxd4 {[%emt 0:00:30]} 8. exd4 {[%emt 0:00:30]} b6 {[%emt 0:00:30]} 9. Qe2 {[%emt 0:05:30]} a5 {[%emt 0:00:30]} 10. Ngf3 {[%emt 0:00:30]} Ba6 {[%emt 0:00:30]} 11. O-O {[%emt 0:01:30]} Bxd3 {[%emt 0:01:30]} 12. Qxd3 {[%emt 0:00:30]} Nh5 {[%emt 0:01:30]} 13. Bxd6 {[%emt 0:18:30]} Qxd6 {[%emt 0:00:30]} 14. Rfe1 {[%emt 0:01:30]} Nc6 {[%emt 0:01:30]} 15. Nf1 {[%emt 0:09:30]} Rae8 {[%emt 0:01:30]} 16. Ng3 {[%emt 0:07:30]} Nf4 {[%emt 0:01:30]} 17. Qd2 {[%emt 0:04:30]} Ng6 {[%emt 0:02:30]} 18. Rad1 {[%emt 0:04:30]} h6 {[%emt 0:02:30]} 19. Re2 {[%emt 0:02:30]} Nf4 {[%emt 0:02:30]} 20. Re3 {[%emt 0:00:30]} g5 {[%emt 0:01:30]} 21. Rde1 {[%emt 0:05:30]} f5 {[%emt 0:04:30]} 22. Ne5 {[%emt 0:02:30]} Rf6 {[%emt 0:00:30]} 23. Rf3 {[%emt 0:03:30]} Kh7 {[%emt 0:04:30]} 24. Rxf4 {[%emt 0:14:57]} gxf4 {[%emt 0:00:30]} 25. Qxf4 {[%emt 0:00:02]} Rg8 {[%emt 0:02:30]} 26. Nh5 {[%emt 0:02:48]} Rff8 {[%emt 0:00:30]} 27. Re3 {[%emt 0:01:24]} Nxe5 {[%emt 0:03:30]} 28. dxe5 {[%emt 0:01:43]} Qc7 {[%emt 0:01:30]} 29. Qh4 {[%emt 0:00:56]} Rg6 {[%emt 0:04:30]} 30. Nf4 {[%emt 0:02:31]} Rg4 {[%emt 0:02:30]} 31. Nxe6 {[%emt 0:00:04]} Rxh4 {[%emt 0:01:30]} 32. Nxc7 {[%emt 0:00:02]} d4 {[%emt 0:01:30]} 33. cxd4 {[%emt 0:00:19]} Rxd4 {[%emt 0:00:30]} 34. g3 {[%emt 0:00:51]} Rc8 {[%emt 0:01:30]} 35. e6 {[%emt 0:02:07]} f4 {[%emt 0:10:30]} 36. gxf4 {[%emt 0:00:58]} Rxc7 {[%emt 0:02:30]} 37. e7 {[%emt 0:00:07]} Rxe7 {[%emt 0:02:30]} 38. Rxe7+ {[%emt 0:00:02]} Kg8 {[%emt 0:00:00]} 1-0

[Event "24th Bosnjaci Open 2019"]
[Site "Bosnjaci"]
[Date "2019.01.04"]
[Round "3.13"]
[White "Pejic, Ivo"]
[Black "Bobanac, Miro"]
[Result "0-1"]
[WhiteElo "1845"]
[BlackElo "2308"]
[Annotator "NA"]
[PlyCount "67"]
[EventDate "2019.01.03"]
[EventType "swiss"]
[EventCountry "CRO"]
[SourceTitle "playchess.com"]
[Source "ChessBase"]
[SourceQuality "1"]
[TimeControl "5400+30"]

1. e4 {[%emt 0:00:30]} c5 {[%emt 0:01:30]} 2. Nf3 {[%emt 0:00:30]} e6 {[%emt 0:00:30]} 3. d4 {[%emt 0:00:30]} cxd4 {[%emt 0:00:30]} 4. Nxd4 {[%emt 0:00:30]} a6 {[%emt 0:00:30]} 5. a4 {[%emt 0:01:30]} Qc7 {[%emt 0:00:30]} 6. Nc3 {[%emt 0:01:30]} Nf6 {[%emt 0:01:30]} 7. Bd3 {[%emt 0:02:30]} Nc6 {[%emt 0:02:30]} 8. Nxc6 {[%emt 0:01:30]} bxc6 {[%emt 0:00:30]} 9. O-O {[%emt 0:00:30]} d5 {[%emt 0:00:30]} 10. Bg5 {[%emt 0:02:30]} d4 {[%emt 0:05:30]} 11. Nb1 {[%emt 0:03:30]} c5 {[%emt 0:03:30]} 12. Nd2 {[%emt 0:00:30]} Bb7 {[%emt 0:00:30]} 13. Re1 {[%emt 0:03:30]} Bd6 {[%emt 0:04:30]} 14. h3 {[%emt 0:01:30]} Bh2+ {[%emt 0:02:30]} 15. Kf1 {[%emt 0:00:30]} Bf4 {[%emt 0:00:30]} 16. Bxf6 {[%emt 0:05:30]} gxf6 {[%emt 0:00:30]} 17. Nc4 {[%emt 0:00:00]} h5 {[%emt 0:06:30]} 18. Qf3 {[%emt 0:01:00]} h4 {[%emt 0:08:30]} 19. Na5 {[%emt 0:00:30]} Qxa5 {[%emt 0:16:30]} 20. Qxf4 {[%emt 0:04:30]} Qd8 {[%emt 0:01:30]} 21. Rad1 {[%emt 0:01:30]} e5 {[%emt 0:08:30]} 22. Qf3 {[%emt 0:01:30]} Ke7 {[%emt 0:00:30]} 23. Bc4 {[%emt 0:01:30]} Qb6 {[%emt 0:03:30]} 24. b3 {[%emt 0:01:30]} Rag8 {[%emt 0:01:30]} 25. Ra1 {[%emt 0:03:30]} a5 {[%emt 0:00:30]} 26. Rad1 {[%emt 0:00:30]} Rg5 {[%emt 0:00:30]} 27. c3 {[%emt 0:02:30]} Rhg8 {[%emt 0:05:30]} 28. cxd4 {[%emt 0:01:30]} cxd4 {[%emt 0:00:30]} 29. Rd3 {[%emt 0:00:30]} Rxg2 {[%emt 0:01:30]} 30. Qxg2 {[%emt 0:00:30]} Rxg2 {[%emt 0:00:00]} 31. Kxg2 {[%emt 0:00:30]} f5 {[%emt 0:00:00]} 32. Bd5 {[%emt 0:00:30]} fxe4 {[%emt 0:00:30]} 33. Rxd4 {[%emt 0:02:30]} exd4 {[%emt 0:01:30]} 34. Rxe4+ {[%emt 0:00:30]} 0-1

[Event "24th Bosnjaci Open 2019"]
[Site "Bosnjaci"]
[Date "2019.01.04"]
[Round "3.14"]
[White "Cvitan, Ena"]
[Black "Kolanovic, Kazimir"]
[Result "1-0"]
[WhiteElo "2201"]
[BlackElo "1851"]
[Annotator "NA"]
[PlyCount "69"]
[EventDate "2019.01.03"]
[EventType "swiss"]
[EventCountry "CRO"]
[SourceTitle "playchess.com"]
[Source "ChessBase"]
[SourceQuality "1"]
[TimeControl "5400+30"]

1. d4 {[%emt 0:00:30]} Nf6 {[%emt 0:00:30]} 2. c4 {[%emt 0:00:00]} c5 {[%emt 0:00:00]} 3. d5 {[%emt 0:00:00]} e5 {[%emt 0:00:00]} 4. Nc3 {[%emt 0:00:30]} d6 {[%emt 0:00:30]} 5. e4 {[%emt 0:00:30]} Be7 {[%emt 0:00:30]} 6. g3 {[%emt 0:00:00]} O-O {[%emt 0:00:30]} 7. Bg2 {[%emt 0:00:00]} a6 {[%emt 0:03:30]} 8. Nge2 {[%emt 0:01:30]} Nbd7 {[%emt 0:00:30]} 9. O-O {[%emt 0:00:30]} Ne8 {[%emt 0:01:30]} 10. Qc2 {[%emt 0:04:30]} g6 {[%emt 0:00:30]} 11. Bd2 {[%emt 0:03:30]} Ng7 {[%emt 0:10:30]} 12. Rae1 {[%emt 0:01:30]} f5 {[%emt 0:06:30]} 13. f4 {[%emt 0:01:30]} Bf6 {[%emt 0:06:30]} 14. Kh1 {[%emt 0:09:30]} Kh8 {[%emt 0:04:30]} 15. b3 {[%emt 0:11:30]} Rb8 {[%emt 0:10:30]} 16. a4 {[%emt 0:01:30]} b6 {[%emt 0:02:30]} 17. Nc1 {[%emt 0:07:30]} Rb7 {[%emt 0:08:30]} 18. Nd3 {[%emt 0:02:30]} Qe8 {[%emt 0:15:30]} 19. Bh3 {[%emt 0:10:30]} Qe7 {[%emt 0:17:18]} 20. exf5 {[%emt 0:05:30]} Nxf5 {[%emt 0:01:15]} 21. Bxf5 {[%emt 0:00:00]} gxf5 {[%emt 0:00:07]} 22. fxe5 {[%emt 0:00:00]} Nxe5 {[%emt 0:01:15]} 23. Nf4 {[%emt 0:05:30]} Qe8 {[%emt 0:02:19]} 24. Qd1 {[%emt 0:01:30]} Kg8 {[%emt 0:03:26]} 25. Nh5 {[%emt 0:09:30]} Bh8 {[%emt 0:00:18]} 26. Bh6 {[%emt 0:00:30]} Rff7 {[%emt 0:01:11]} 27. Qd2 {[%emt 0:00:30]} Qd8 {[%emt 0:00:46]} 28. Ne2 {[%emt 0:01:30]} Ng4 {[%emt 0:01:52]} 29. Bg5 {[%emt 0:01:30]} Qf8 {[%emt 0:00:31]} 30. Nef4 {[%emt 0:00:30]} Nf6 {[%emt 0:01:09]} 31. Ne6 {[%emt 0:01:46]} Bxe6 {[%emt 0:00:24]} 32. dxe6 {[%emt 0:00:14]} Nxh5 {[%emt 0:00:14]} 33. exf7+ {[%emt 0:00:30]} Rxf7 {[%emt 0:00:37]} 34. Qd5 {[%emt 0:00:42]} Kg7 {[%emt 0:00:44]} 35. Re6 {[%emt 0:01:26]} 1-0

[Event "24th Bosnjaci Open 2019"]
[Site "Bosnjaci"]
[Date "2019.01.04"]
[Round "3.15"]
[White "Caric, Mato"]
[Black "Babic, Zvonko"]
[Result "0-1"]
[WhiteElo "2088"]
[BlackElo "2190"]
[Annotator "NA"]
[PlyCount "60"]
[EventDate "2019.01.03"]
[EventType "swiss"]
[EventCountry "CRO"]
[SourceTitle "playchess.com"]
[Source "ChessBase"]
[SourceQuality "1"]
[TimeControl "5400+30"]

1. e4 {[%emt 0:02:30]} c5 {[%emt 0:00:30]} 2. Nf3 {[%emt 0:00:30]} d6 {[%emt 0:00:00]} 3. d4 {[%emt 0:00:30]} cxd4 {[%emt 0:00:00]} 4. Nxd4 {[%emt 0:00:00]} Nf6 {[%emt 0:00:00]} 5. Nc3 {[%emt 0:00:00]} g6 {[%emt 0:00:00]} 6. f3 {[%emt 0:00:00]} Bg7 {[%emt 0:00:30]} 7. Be3 {[%emt 0:00:00]} Nc6 {[%emt 0:00:00]} 8. Qd2 {[%emt 0:00:30]} O-O {[%emt 0:00:00]} 9. O-O-O {[%emt 0:00:00]} d5 {[%emt 0:00:30]} 10. Nxc6 {[%emt 0:24:00]} bxc6 {[%emt 0:00:30]} 11. e5 {[%emt 0:05:30]} Nd7 {[%emt 0:04:30]} 12. f4 {[%emt 0:00:30]} e6 {[%emt 0:01:30]} 13. Na4 {[%emt 0:04:30]} f6 {[%emt 0:01:30]} 14. Nc5 {[%emt 0:03:30]} Qe7 {[%emt 0:03:30]} 15. Nxd7 {[%emt 0:01:30]} Bxd7 {[%emt 0:03:30]} 16. Qc3 {[%emt 0:05:30]} fxe5 {[%emt 0:11:30]} 17. Bc5 {[%emt 0:01:30]} Qf7 {[%emt 0:00:30]} 18. Bxf8 {[%emt 0:10:30]} Qxf4+ {[%emt 0:01:30]} 19. Qd2 {[%emt 0:00:30]} Qxf8 {[%emt 0:00:00]} 20. Kb1 {[%emt 0:00:00]} e4 {[%emt 0:13:00]} 21. Bc4 {[%emt 0:03:00]} Qf6 {[%emt 0:13:30]} 22. c3 {[%emt 0:00:30]} Rb8 {[%emt 0:01:30]} 23. Kc1 {[%emt 0:11:30]} Be8 {[%emt 0:06:30]} 24. Bb3 {[%emt 0:01:30]} c5 {[%emt 0:01:30]} 25. g3 {[%emt 0:03:30]} c4 {[%emt 0:13:30]} 26. Bc2 {[%emt 0:01:30]} Qe7 {[%emt 0:00:30]} 27. Kb1 {[%emt 0:07:27]} Qa3 {[%emt 0:02:30]} 28. b3 {[%emt 0:00:09]} Rb6 {[%emt 0:04:20]} 29. Qc1 {[%emt 0:02:11]} Qa5 {[%emt 0:00:22]} 30. b4 {[%emt 0:01:44]} Bxc3 {[%emt 0:00:11]} 0-1

[Event "24th Bosnjaci Open 2019"]
[Site "Bosnjaci"]
[Date "2019.01.04"]
[Round "3.16"]
[White "Lazor, Vladimir"]
[Black "Klasan, Elvis"]
[Result "1/2-1/2"]
[WhiteElo "2164"]
[BlackElo "1861"]
[Annotator "NA"]
[PlyCount "66"]
[EventDate "2019.01.03"]
[EventType "swiss"]
[EventCountry "CRO"]
[SourceTitle "playchess.com"]
[Source "ChessBase"]
[SourceQuality "1"]
[TimeControl "5400+30"]

1. e4 {[%emt 0:00:30]} e5 {[%emt 0:01:30]} 2. Nf3 {[%emt 0:00:00]} Nc6 {[%emt 0:00:30]} 3. Bc4 {[%emt 0:01:00]} Bc5 {[%emt 0:02:30]} 4. O-O {[%emt 0:00:30]} d6 {[%emt 0:02:30]} 5. c3 {[%emt 0:00:30]} Bb6 {[%emt 0:21:30]} 6. h3 {[%emt 0:04:30]} Nf6 {[%emt 0:05:30]} 7. Re1 {[%emt 0:02:30]} O-O {[%emt 0:03:30]} 8. d4 {[%emt 0:01:30]} h6 {[%emt 0:03:30]} 9. a4 {[%emt 0:00:30]} a6 {[%emt 0:06:30]} 10. Na3 {[%emt 0:07:30]} Re8 {[%emt 0:08:30]} 11. dxe5 {[%emt 0:09:30]} Nxe5 {[%emt 0:04:30]} 12. Nxe5 {[%emt 0:01:30]} Rxe5 {[%emt 0:01:30]} 13. Bd3 {[%emt 0:03:30]} Ba7 {[%emt 0:05:30]} 14. Bf4 {[%emt 0:04:30]} Re8 {[%emt 0:03:30]} 15. Qf3 {[%emt 0:09:30]} Be6 {[%emt 0:02:30]} 16. Nc2 {[%emt 0:00:30]} Nd7 {[%emt 0:01:30]} 17. Nd4 {[%emt 0:11:30]} Ne5 {[%emt 0:00:30]} 18. Qg3 {[%emt 0:00:30]} Qf6 {[%emt 0:03:30]} 19. Bc2 {[%emt 0:00:30]} Ng6 {[%emt 0:03:39]} 20. Be3 {[%emt 0:00:30]} Bd7 {[%emt 0:00:26]} 21. Rad1 {[%emt 0:05:30]} Nf8 {[%emt 0:03:42]} 22. f4 {[%emt 0:02:30]} Ng6 {[%emt 0:02:19]} 23. Rd2 {[%emt 0:04:30]} Re7 {[%emt 0:03:11]} 24. Rde2 {[%emt 0:02:30]} Rae8 {[%emt 0:00:34]} 25. Kh2 {[%emt 0:01:30]} Rxe4 {[%emt 0:03:02]} 26. Bxe4 {[%emt 0:00:30]} Rxe4 {[%emt 0:00:02]} 27. Bd2 {[%emt 0:04:30]} Rxe2 {[%emt 0:01:09]} 28. Rxe2 {[%emt 0:01:30]} Bxd4 {[%emt 0:01:21]} 29. cxd4 {[%emt 0:00:49]} Bxa4 {[%emt 0:00:03]} 30. Qe3 {[%emt 0:01:29]} Bb5 {[%emt 0:00:45]} 31. Rf2 {[%emt 0:00:27]} Bc6 {[%emt 0:00:13]} 32. Bc3 {[%emt 0:00:15]} Qf5 {[%emt 0:00:52]} 33. Qd2 {[%emt 0:00:50]} Be4 {[%emt 0:00:21]} 1/2-1/2

[Event "24th Bosnjaci Open 2019"]
[Site "Bosnjaci"]
[Date "2019.01.04"]
[Round "3.17"]
[White "Ivekovic, Tihana"]
[Black "Luketic, Ivan"]
[Result "1-0"]
[WhiteElo "2071"]
[BlackElo "1801"]
[Annotator "NA"]
[PlyCount "60"]
[EventDate "2019.01.03"]
[EventType "swiss"]
[EventCountry "CRO"]
[SourceTitle "playchess.com"]
[Source "ChessBase"]
[SourceQuality "1"]
[TimeControl "5400+30"]

1. d4 {[%emt 0:00:30]} Nf6 {[%emt 0:00:30]} 2. c4 {[%emt 0:00:00]} c6 {[%emt 0:00:30]} 3. Nf3 {[%emt 0:00:00]} d5 {[%emt 0:00:30]} 4. Nc3 {[%emt 0:00:00]} e6 {[%emt 0:00:30]} 5. e3 {[%emt 0:00:00]} Be7 {[%emt 0:00:30]} 6. Bd3 {[%emt 0:00:30]} a6 {[%emt 0:00:30]} 7. a4 {[%emt 0:00:30]} a5 {[%emt 0:00:30]} 8. O-O {[%emt 0:01:30]} Na6 {[%emt 0:00:30]} 9. e4 {[%emt 0:03:30]} dxe4 {[%emt 0:01:30]} 10. Nxe4 {[%emt 0:00:30]} O-O {[%emt 0:01:30]} 11. Qe2 {[%emt 0:02:30]} Nxe4 {[%emt 0:00:30]} 12. Qxe4 {[%emt 0:00:30]} f5 {[%emt 0:00:30]} 13. Qe2 {[%emt 0:02:30]} Bf6 {[%emt 0:00:30]} 14. Rd1 {[%emt 0:01:30]} Qe8 {[%emt 0:00:30]} 15. Bf4 {[%emt 0:02:30]} Nb4 {[%emt 0:01:30]} 16. Bb1 {[%emt 0:00:30]} b6 {[%emt 0:01:30]} 17. Ra3 {[%emt 0:02:30]} h6 {[%emt 0:00:30]} 18. Bc7 {[%emt 0:14:30]} Bd8 {[%emt 0:00:30]} 19. Bd6 {[%emt 0:04:30]} Be7 {[%emt 0:00:30]} 20. Bxe7 {[%emt 0:01:30]} Qxe7 {[%emt 0:00:30]} 21. Ne5 {[%emt 0:01:30]} Qf6 {[%emt 0:00:30]} 22. Rg3 {[%emt 0:01:30]} Kh7 {[%emt 0:00:30]} 23. Qh5 {[%emt 0:07:30]} Ra7 {[%emt 0:01:30]} 24. Rg6 {[%emt 0:05:30]} Qe7 {[%emt 0:01:30]} 25. g4 {[%emt 0:00:30]} Rf6 {[%emt 0:00:30]} 26. g5 {[%emt 0:03:30]} Rxg6 {[%emt 0:00:30]} 27. Qxg6+ {[%emt 0:00:30]} Kh8 {[%emt 0:01:30]} 28. gxh6 {[%emt 0:01:30]} gxh6 {[%emt 0:00:30]} 29. Qxh6+ {[%emt 0:01:30]} Kg8 {[%emt 0:02:30]} 30. Kh1 {[%emt 0:00:30]} Qh7 {[%emt 0:01:30]} 1-0

[Event "24th Bosnjaci Open 2019"]
[Site "Bosnjaci"]
[Date "2019.01.04"]
[Round "3.18"]
[White "Pleh, Semir"]
[Black "Blagojevic, Marijan"]
[Result "0-1"]
[WhiteElo "1767"]
[BlackElo "2203"]
[Annotator "NA"]
[PlyCount "74"]
[EventDate "2019.01.03"]
[EventType "swiss"]
[EventCountry "CRO"]
[SourceTitle "playchess.com"]
[Source "ChessBase"]
[SourceQuality "1"]
[TimeControl "5400+30"]

1. c4 {[%emt 0:00:30]} Nf6 {[%emt 0:00:30]} 2. Nf3 {[%emt 0:00:00]} g6 {[%emt 0:00:30]} 3. d4 {[%emt 0:00:00]} Bg7 {[%emt 0:00:00]} 4. Nc3 {[%emt 0:00:30]} d6 {[%emt 0:00:00]} 5. e4 {[%emt 0:00:30]} O-O {[%emt 0:00:00]} 6. Be2 {[%emt 0:00:30]} Nbd7 {[%emt 0:00:00]} 7. O-O {[%emt 0:01:30]} e5 {[%emt 0:00:30]} 8. d5 {[%emt 0:02:30]} Nc5 {[%emt 0:01:30]} 9. Qc2 {[%emt 0:00:30]} a5 {[%emt 0:00:00]} 10. Bg5 {[%emt 0:00:30]} h6 {[%emt 0:00:00]} 11. Be3 {[%emt 0:01:30]} Nfd7 {[%emt 0:03:30]} 12. a3 {[%emt 0:02:30]} a4 {[%emt 0:02:30]} 13. Ne1 {[%emt 0:00:30]} f5 {[%emt 0:04:30]} 14. f3 {[%emt 0:01:30]} Nb3 {[%emt 0:06:30]} 15. Rd1 {[%emt 0:00:00]} Ndc5 {[%emt 0:01:30]} 16. Nd3 {[%emt 0:00:00]} Bd7 {[%emt 0:11:30]} 17. Nxc5 {[%emt 0:07:30]} dxc5 {[%emt 0:02:30]} 18. exf5 {[%emt 0:04:30]} gxf5 {[%emt 0:01:30]} 19. Bd3 {[%emt 0:02:30]} Qf6 {[%emt 0:05:30]} 20. Nb5 {[%emt 0:13:30]} Rac8 {[%emt 0:02:30]} 21. Na7 {[%emt 0:01:30]} Rce8 {[%emt 0:00:30]} 22. Nb5 {[%emt 0:00:00]} Qb6 {[%emt 0:02:30]} 23. d6 {[%emt 0:06:00]} cxd6 {[%emt 0:02:30]} 24. Nc3 {[%emt 0:11:30]} Kh8 {[%emt 0:05:30]} 25. Qf2 {[%emt 0:01:30]} f4 {[%emt 0:08:30]} 26. Bc1 {[%emt 0:01:30]} Nxc1 {[%emt 0:00:30]} 27. Rxc1 {[%emt 0:00:30]} e4 {[%emt 0:00:30]} 28. Nd5 {[%emt 0:07:30]} Qd8 {[%emt 0:03:30]} 29. Qc2 {[%emt 0:00:30]} exd3 {[%emt 0:00:00]} 30. Qxd3 {[%emt 0:00:00]} Bc6 {[%emt 0:01:00]} 31. b3 {[%emt 0:01:00]} Bxd5 {[%emt 0:00:30]} 32. Qxd5 {[%emt 0:00:00]} axb3 {[%emt 0:00:30]} 33. Qxb7 {[%emt 0:00:00]} b2 {[%emt 0:00:30]} 34. Rcd1 {[%emt 0:00:30]} Bd4+ {[%emt 0:01:30]} 35. Kh1 {[%emt 0:00:30]} Qf6 {[%emt 0:00:30]} 36. a4 {[%emt 0:00:30]} Rb8 {[%emt 0:01:30]} 37. Qe4 {[%emt 0:00:30]} Qf5 {[%emt 0:00:30]} 0-1